Statystyki dla Wszystkie miejscowości powiatu Dębickiego

Kliknij tutaj aby rozwiązać quiz!

Ogólne statystyki

  • Ten quiz został rozwiązany 27 razy
  • Średni wynik to 31 z 91

Statystyki odpowiedzi

GminaMiejscowość% Poprawnych
CzarnaCzarna
91%
ŻyrakówŻyraków
91%
DębicaDębica
82%
PilznoPilzno
82%
BrzostekBrzostek
73%
ŻyrakówStraszęcin
73%
PilznoŁęki Dolne
64%
PilznoŁęki Górne
64%
CzarnaRóża
64%
ŻyrakówWola Żyrakowska
64%
CzarnaChotowa
55%
PilznoLipiny
55%
DębicaNagawczyna
55%
PilznoParkosz
55%
DębicaPodgrodzie
55%
DębicaPustynia
55%
ŻyrakówBobrowa
45%
ŻyrakówBobrowa Wola
45%
DębicaBrzeźnica
45%
ŻyrakówGóra Motyczna
45%
CzarnaGrabiny
45%
DębicaLatoszyn
45%
ŻyrakówMokre
45%
DębicaPustków Osiedle
45%
PilznoStrzegocice
45%
ŻyrakówZasów
45%
CzarnaŻdżary
45%
CzarnaBorowa
36%
PilznoGębiczyna
36%
DębicaGłobikowa
36%
CzarnaGłowaczowa
36%
PilznoGołęczyna
36%
CzarnaGolemki
36%
DębicaGumniska
36%
PilznoJaworze Dolne
36%
PilznoJaworze Górne
36%
CzarnaJaźwiny
36%
BrzostekKamienica Górna
36%
ŻyrakówKorzeniów
36%
DębicaKozłów
36%
PilznoMachowa
36%
ŻyrakówNagoszyn
36%
CzarnaPrzyborów
36%
CzarnaStara Jastrząbka
36%
DębicaStasiówka
36%
DębicaStobierna
36%
ŻyrakówWiewiórka
36%
ŻyrakówWola Wielka
36%
DębicaZawada
36%
ŻyrakówZawierzbie
36%
PilznoZwiernik
36%
DębicaBraciejowa
27%
PilznoDobrków
27%
BrzostekGłobikówka
27%
BrzostekGorzejowa
27%
BrzostekKamienica Dolna
27%
DębicaKędzierz
27%
PilznoMokrzec
27%
CzarnaPodlesie
27%
PilznoPodlesie
27%
PilznoPołomia
27%
PilznoSłotowa
27%
CzarnaStary Jawornik
27%
JodłowaZagórze
27%
BrzostekZawadka Brzostecka
27%
BrzostekGrudna Dolna
18%
BrzostekGrudna Górna
18%
BrzostekKlecie
18%
DębicaPaszczyna
18%
CzarnaPrzeryty Bór
18%
DębicaPustków Wieś
18%
BrzostekSiedliska Bogusz
18%
BrzostekSmarżowa
18%
BrzostekBączałka
9%
PilznoBielowy
9%
DębicaBrzeźnica Wola
9%
BrzostekBukowa
9%
JodłowaDęborzyn
9%
JodłowaDębowa
9%
JodłowaDzwonowa
9%
BrzostekJanuszkowice
9%
JodłowaJodłowa Dolna
9%
JodłowaJodłowa Górna
9%
JodłowaJodłowa Wisowa
9%
DębicaKochanówka
9%
BrzostekNawsie Brzosteckie
9%
BrzostekOpacionka
9%
BrzostekPrzeczyca
9%
DębicaPustków Kronowice
9%
BrzostekSkurowa
9%
BrzostekWola Brzostecka
9%

Rozkład punktacji

Percentyl według liczby udzielonych odpowiedzi

Procent ludzi z każdym wynikiem

Twoja historia wyników

Nie rozwiązałeś tego quizu